Misspelled Asian countries: map click quiz - Statistics

General Stats
  • This quiz has been taken 22 times
  • The average score is 27 of 48
Answers on the Map
Answers color-coded by a green-red scale on the quiz's map according to % correct below.
 
Answer Stats
Answer % Correct
Chinu
73%
Saowth ckuria
73%
Vetnem
73%
Induneasea
67%
Kergisten
67%
Monggolea
67%
Omon
67%
Sodi rabeia
67%
Terkee
67%
Afgenisten
60%
Cambodea
60%
Eren
60%
Filipeens
60%
Indea
60%
Isrl
60%
Jupon
60%
Kazeksten
60%
Lebanen
60%
Mulaesha
60%
Napol
60%
Narth ckuria
60%
Pakisten
60%
Tiwun
60%
Yaman
60%
Banledsh
53%
Baran
53%
Booten
53%
Cerea
53%
eect teemar
53%
Ereck
53%
Jardn
53%
Meldevs
53%
Mienmor
53%
Ormanea
53%
Sineupor
53%
Sri lonko
53%
Tilen
53%
Azarbijin
47%
Ckuter
47%
Lous
47%
Ooze backisten
47%
Siperas
47%
Unedid areb emrts
47%
Bruni
40%
Jorjo
40%
Koowate
40%
Terkmanisten
40%
Tujeekeesten
40%
No matching quizzes found
Score Distribution
Percent of People with Each Score
Percentile by Number Answered
Your Score History
You have not taken this quiz